[Event "Druzynowe Mistrzostwa Polski Juniorow - I liga"]
[Site "Suchedniow"]
[Date "1899-12-30"]
[Round "8.3"]
[White "Chrost, Hugo"]
[Black "Mis, Mieszko"]
[Result "0-1"]
[WhiteTitle "II"]
[BlackTitle "I++"]
[WhiteElo "1395"]
[BlackElo "2041"]

1. e4 c6 2. d3 d5 3. Nd2 g6 4. f4 dxe4 5. dxe4 Bg7 6. Ngf3 Nd7 7. g3 Ngf6 8. Bg2
O-O 9. O-O e5 10. c3 b5 11. Qe2 Qb6+ 12. Kh1 Re8 13. h3 Nh5 14. Qe1 exf4 15. gxf4
Nxf4 16. Nc4 bxc4 17. Bxf4 Nc5 18. Be3 Nd3 19. Bxb6 Nxe1 20. Raxe1 axb6 21. a3
Bb7 22. Nd4 c5 23. Nb5 Re7 24. Nd6 Bc6 25. Nxc4 b5 26. Nb6 Rae8 27. Rd1 Bxe4 28.
Bxe4 Rxe4 29. Nd7 Re2 30. b4 cxb4 31. cxb4 R2e3 32. Kg2 Rxa3 33. Rd5 Ree3 34.
Rxb5 Rg3+ 35. Kh1 Rxh3+ 36. Kg2 Rag3+ 37. Kf2 Bd4+ 38. Ke1 Re3+ 39. Kd1 Rd3+ 40.
Kc2 Rc3+ 41. Kd1 Rh2 42. Rb8+ Kg7 43. Nb6 Rd3+ 44. Kc1 Be3+ 45. Kb1 Rb3+ 0-1

[Event "Druzynowe Mistrzostwa Polski Juniorow - I liga"]
[Site "Suchedniow"]
[Date "1899-12-30"]
[Round "8.5"]
[White "Kostecka, Marika"]
[Black "Swiech, Joanna"]
[Result "1/2-1/2"]
[WhiteTitle "I++"]
[BlackTitle "k"]
[WhiteElo "1693"]
[BlackElo "1888"]

1. e4 c6 2. d4 d5 3. exd5 cxd5 4. c4 Nf6 5. Nc3 Nc6 6. Nf3 e6 7. Bg5 Be7 8. Be2
dxc4 9. Bxc4 O-O 10. O-O b6 11. a3 Bb7 12. Qd3 Na5 13. Ba2 Rc8 14. Rfd1 a6 15.
b4 Nc6 16. Rac1 b5 17. Bb1 g6 18. Ne2 Nd5 19. Bxe7 Qxe7 20. Ng3 Rfd8 21. Ne4 Nb6
22. Qe3 Kg7 23. Nc5 Nc4 24. Qc3 Kg8 25. Ba2 Nb6 26. Qe3 Nd5 27. Qh6 Nf6 28. Qh4
Kg7 29. Ng5 Re8 30. Rc3 h6 31. Rh3 Ng8 32. Nge4 Rc7 33. Qxe7 Rexe7 34. Nd6 Bc8
35. Nxc8 Rxc8 36. Nxa6 Nxd4 37. Nc5 e5 38. Kf1 Ra8 39. Rc3 Rea7 40. Rdd3 Ne7 41.
f4 Ndc6 42. fxe5 Nxe5 43. Re3 N5c6 44. Rf3 Ne5 45. Rfe3 N5c6 46. Rf3 Ne5 1/2-1/2

[Event "Druzynowe Mistrzostwa Polski Juniorow - I liga"]
[Site "Suchedniow"]
[Date "1899-12-30"]
[Round "8.7"]
[White "Kindler, Przemyslaw"]
[Black "Januszkiewicz, Wojciech"]
[Result "1-0"]
[WhiteTitle "k"]
[BlackTitle "I++"]
[WhiteElo "2099"]
[BlackElo "1965"]

1. e4 c5 2. Nf3 d6 3. d3 g6 4. g3 Bg7 5. Bg2 Nc6 6. O-O e6 7. c3 Nge7 8. Be3 O-O
9. Qc1 b6 10. Bh6 Ba6 11. Bxg7 Kxg7 12. Qe3 Rc8 13. Nbd2 Ne5 14. Ne1 f5 15. f4
Ng4 16. Qe2 Nc6 17. Rd1 Qd7 18. Nc2 d5 19. e5 d4 20. Nc4 dxc3 21. bxc3 Rc7 22.
h3 Nh6 23. Rd2 Nf7 24. Rfd1 Ne7 25. N4e3 Qa4 26. Qf2 Bb7 27. Bxb7 Rxb7 28. d4
Rd8 29. c4 Rbd7 30. d5 Qa5 31. Ne1 b5 32. d6 Nc6 33. cxb5 Qxb5 34. Rb2 Qa6 35.
Nd3 Rb7 36. Nxc5 Rxb2 37. Qxb2 Qb6 38. Nxe6+ 1-0

[Event "Druzynowe Mistrzostwa Polski Juniorow - I liga"]
[Site "Suchedniow"]
[Date "1899-12-30"]
[Round "8.8"]
[White "Grzesik, Gracjan"]
[Black "Paziak, Patryk"]
[Result "1/2-1/2"]
[WhiteTitle "I"]
[BlackTitle "I"]
[WhiteElo "1840"]
[BlackElo "1745"]

1. e4 e6 2. d4 d5 3. Nc3 Nf6 4. Bg5 Be7 5. e5 Nfd7 6. h4 Bxg5 7. hxg5 Qxg5 8. Qd3
Nc6 9. Nf3 Qe7 10. Rxh7 Rg8 11. O-O-O Nf8 12. Rh2 Bd7 13. Be2 O-O-O 14. g3 f5
15. Nd2 g5 16. f4 gxf4 17. gxf4 Ng6 18. Qe3 Rg7 19. Nf3 Rdg8 20. Rdh1 Nd8 21.
Nd1 Nf7 22. Nf2 Nf8 23. Nd1 Rg3 24. Rh3 R3g7 25. a3 a6 26. Kb1 Rg4 27. Nf2 R4g7
28. Kc1 Ng6 29. R3h2 Qf8 30. Nd1 Ne7 31. Nf2 Rg3 32. Rh3 R8g7 33. R1h2 Qg8 34.
Nh1 Rxh3 35. Rxh3 Rh7 36. Rxh7 Qxh7 37. Nf2 Qh6 38. Kd2 Ng6 39. Ng5 Nxg5 40. fxg5
Qh4 41. Nd3 f4 42. Qf3 Qxg5 43. Qg4 Qh6 44. Qh5 Qxh5 45. Bxh5 Nh4 46. Nxf4 Nf5
47. c3 Kd8 1/2-1/2

[Event "Druzynowe Mistrzostwa Polski Juniorow - I liga"]
[Site "Suchedniow"]
[Date "1899-12-30"]
[Round "8.9"]
[White "Godzwon, Iwo"]
[Black "Luczak, Filip"]
[Result "1-0"]
[WhiteTitle "I+"]
[BlackTitle "I"]
[WhiteElo "2059"]
[BlackElo "1730"]

1. e4 c5 2. Nf3 d6 3. d4 Nf6 4. Nc3 cxd4 5. Nxd4 a6 6. Be3 e5 7. Nb3 Be6 8. f3
Be7 9. Qd2 O-O 10. O-O-O Qc7 11. g4 Rc8 12. g5 Nh5 13. Kb1 Nd7 14. Nd5 Bxd5 15.
exd5 a5 16. Bh3 a4 17. Nc1 g6 18. Bg4 Bf8 19. Ne2 f5 20. gxf6 Nhxf6 21. Be6+ Kh8
22. Ng3 Re8 23. h4 Nc5 24. Bxc5 Qxc5 25. h5 g5 26. Qxg5 a3 27. Nf5 Rxe6 28. dxe6
Ng8 29. Rhg1 Bh6 30. Nxh6 Qxc2+ 31. Kxc2 Rc8+ 32. Kb1 Rc1+ 33. Rxc1 Nxh6 34. Qf6#
1-0

[Event "Druzynowe Mistrzostwa Polski Juniorow - I liga"]
[Site "Suchedniow"]
[Date "1899-12-30"]
[Round "8.10"]
[White "Wolaniecki, Patryk"]
[Black "Kujawa, Krzysztof"]
[Result "0-1"]
[WhiteTitle "I"]
[BlackTitle "II"]
[WhiteElo "1659"]
[BlackElo "1398"]

1. e4 c5 2. Nf3 e6 3. d4 cxd4 4. Nxd4 a6 5. Bd3 Bc5 6. Nb3 Be7 7. O-O d6 8. Be3
Nf6 9. Nc3 Nbd7 10. f4 b6 11. g4 g6 12. f5 e5 13. g5 Nh5 14. f6 Bf8 15. Bc4 Bb7
16. Nd5 h6 17. Ne7 Qc7 18. Bxf7+ Kxf7 19. Nxg6 Kxg6 20. Qg4 hxg5 21. Bxg5 Kf7
22. Rf3 Nhxf6 23. Raf1 Be7 24. Nd2 Rag8 25. h4 Ke8 26. Qe6 Rg6 27. Rxf6 Nxf6 28.
Rxf6 Rxf6 29. Bxf6 Bc8 0-1

[Event "Druzynowe Mistrzostwa Polski Juniorow - I liga"]
[Site "Suchedniow"]
[Date "1899-12-30"]
[Round "8.11"]
[White "Kindler, Karolina"]
[Black "Trembowiecka-wysota, Aleksandra"]
[Result "1-0"]
[WhiteTitle "I+"]
[BlackTitle "I"]
[WhiteElo "1714"]
[BlackElo "1493"]

1. b3 Nf6 2. Bb2 e6 3. Nf3 Be7 4. e3 d5 5. d4 c5 6. Bd3 O-O 7. O-O Nc6 8. a3 a6
9. Ne5 cxd4 10. exd4 Nxe5 11. dxe5 Nd7 12. b4 f6 13. Qh5 g6 14. Bxg6 hxg6 15.
Qxg6+ Kh8 16. Re1 Qe8 17. Qh6+ Kg8 18. Re3 Nxe5 19. Bxe5 Qh5 20. Rg3+ Qg5 21.
Rxg5+ Kf7 22. Qg6# 1-0

[Event "Druzynowe Mistrzostwa Polski Juniorow - I liga"]
[Site "Suchedniow"]
[Date "1899-12-30"]
[Round "8.12"]
[White "Bienko, Jagoda"]
[Black "Jarocka, Liwia"]
[Result "1-0"]
[WhiteTitle "I"]
[BlackTitle "I++"]
[WhiteElo "1384"]
[BlackElo "1797"]

1. d4 Nf6 2. c4 g6 3. Nc3 Bg7 4. e4 d6 5. Nf3 O-O 6. Be2 e5 7. O-O Nbd7 8. d5 Nc5
9. Qc2 a5 10. Be3 Ne8 11. Nd2 f5 12. f3 b6 13. Rab1 f4 14. Bf2 Nf6 15. a3 Nh5
16. b4 Nb7 17. Rfc1 Qg5 18. Nb5 Rf7 19. c5 Bh3 20. Bf1 bxc5 21. bxc5 Nxc5 22.
Bxc5 dxc5 23. Qxc5 Bd7 24. Nxc7 Rc8 25. d6 Bf8 26. Bc4 Kh8 27. Bxf7 Rxc7 28. Qf2
Rxc1+ 29. Rxc1 Qf6 30. Bd5 Bxd6 31. Nc4 Qe7 32. Nxd6 Qxd6 33. Qc5 Qxc5+ 34. Rxc5
Nf6 35. Rxa5 Kg7 36. Ra7 Kf8 37. a4 h5 38. a5 Ke8 39. Ra8+ Ke7 40. a6 Kd6 41.
a7 Nxd5 42. exd5 Kxd5 43. Rd8 Kd6 44. a8=Q Kc7 45. Qb8+ Kc6 46. Rg8 g5 47. Rg6+
Kc5 48. Qxe5+ Kc4 49. Rxg5 Kd3 50. Qe4+ Kd2 51. Rd5+ Kc3 52. Qd3+ Kb4 53. Rxd7
Kc5 54. Qc3+ Kb6 55. Qd4+ Kc6 56. Rd6+ Kc7 57. Qc5+ Kb7 58. Rb6+ Ka7 59. Qa5#
1-0

[Event "Druzynowe Mistrzostwa Polski Juniorow - I liga"]
[Site "Suchedniow"]
[Date "1899-12-30"]
[Round "8.13"]
[White "Krzeminski, Sebastian"]
[Black "Niekras, Dawid"]
[Result "0-1"]
[WhiteTitle "I"]
[BlackTitle "k"]
[WhiteElo "1818"]
[BlackElo "2255"]

1. d4 Nf6 2. c4 g6 3. Nc3 Bg7 4. e4 d6 5. f4 O-O 6. Nf3 c5 7. dxc5 Qa5 8. Bd3 Qxc5
9. Qe2 Nc6 10. Be3 Qh5 11. Rc1 Bg4 12. O-O Bxf3 13. gxf3 Nd7 14. Qf2 Rfc8 15.
b3 Qa5 16. Na4 a6 17. Kh1 b5 18. Bd2 Nb4 19. Bxb4 Qxb4 20. cxb5 Rxc1 21. Rxc1
axb5 22. Rc7 bxa4 23. Rxd7 axb3 24. axb3 Qxb3 25. Bf1 Bf6 26. e5 dxe5 27. fxe5
Qe6 28. Rd2 Qxe5 29. Qe2 Qg5 30. Rc2 Ra1 31. Rd2 Rxf1+ 0-1

[Event "Druzynowe Mistrzostwa Polski Juniorow - I liga"]
[Site "Suchedniow"]
[Date "1899-12-30"]
[Round "8.14"]
[White "Planeta, Wojciech"]
[Black "Urbanski, Wojciech"]
[Result "0-1"]
[WhiteTitle "I+"]
[BlackTitle "II"]
[WhiteElo "1726"]
[BlackElo "1723"]

1. e4 c5 2. Nf3 a6 3. c4 e6 4. Nc3 Nc6 5. d4 cxd4 6. Nxd4 Nf6 7. f4 Bb4 8. Qd3
d6 9. Be2 O-O 10. Nxc6 bxc6 11. O-O Bb7 12. Be3 Qc7 13. g4 d5 14. e5 Nd7 15. Rf3
a5 16. Rh3 g6 17. Rf1 dxc4 18. Qb1 Bc5 19. Ne4 Bxe3+ 20. Rxe3 Qb6 21. Rff3 c5
22. Rh3 Bxe4 23. Qxe4 Qxb2 24. f5 Qd4 25. Qf3 Nxe5 26. Qg3 Nd7 27. Qh4 Qg7 28.
fxe6 fxe6 29. Bxc4 Kh8 30. Bxe6 Rab8 31. Re2 Qd4+ 32. Kg2 Qg7 33. Rd3 Nf6 34.
Qg3 Rbd8 35. Rde3 Nd5 36. Bxd5 Rxd5 37. Re7 Qf6 38. Qe3 c4 39. Rd2 Rxd2+ 40. Qxd2
Qf3+ 41. Kg1 0-1

[Event "Druzynowe Mistrzostwa Polski Juniorow - I liga"]
[Site "Suchedniow"]
[Date "1899-12-30"]
[Round "8.15"]
[White "Warchol, Bartosz"]
[Black "Zabrzanska, Weronika"]
[Result "1-0"]
[WhiteTitle "I"]
[BlackTitle "I"]
[WhiteElo "1702"]
[BlackElo "1479"]

1. d4 d5 2. c4 e6 3. Nf3 Nf6 4. g3 Be7 5. Bg2 Nbd7 6. O-O O-O 7. Qc2 c6 8. Nbd2
b6 9. e4 Bb7 10. e5 Ne8 11. cxd5 cxd5 12. Re1 g6 13. Nf1 Ng7 14. Ne3 Rc8 15. Qa4
a6 16. h4 b5 17. Qd1 Nb6 18. b3 Qd7 19. Bf1 Rc7 20. Bd3 Rfc8 21. Ng4 Qe8 22. Bg5
h5 23. Nf6+ Bxf6 24. exf6 Nf5 25. Bxf5 gxf5 26. Ne5 Qf8 27. Qxh5 Nd7 28. Nxd7
Rxd7 29. Bh6 Qe8 1-0

[Event "Druzynowe Mistrzostwa Polski Juniorow - I liga"]
[Site "Suchedniow"]
[Date "1899-12-30"]
[Round "8.16"]
[White "Wikar, Martyna"]
[Black "Kulesza, Andrzej"]
[Result "1-0"]
[WhiteTitle "I++"]
[BlackTitle "I"]
[WhiteElo "1759"]
[BlackElo "1675"]

1. e4 c5 2. Nf3 a6 3. c4 e6 4. d4 cxd4 5. Nxd4 Nf6 6. Nc3 Qc7 7. Bd3 Bc5 8. Nc2
Nc6 9. O-O Nd4 10. Nxd4 Bxd4 11. Bd2 b6 12. Qe2 h5 13. Kh1 Bb7 14. f4 h4 15. Be3
Bxc3 16. bxc3 Nxe4 17. Bxe4 Bxe4 18. Bxb6 Qc6 19. h3 Bf5 20. Qe3 Rh6 21. Rae1
Rg6 22. Qf3 Rc8 23. c5 d5 24. Rf2 Rg3 25. Qh5 Be4 26. Qxh4 Rxc3 27. f5 Kd7 28.
f6 g6 29. Rd2 Bf5 30. Qh7 Rf8 31. Qg7 Qc8 32. Rxd5+ Kc6 33. Rd6+ Kb5 34. a4+ Kxa4
35. Ra1+ Kb3 36. Qh6 e5 37. Qd2 Bc2 38. Ra3+ Kxa3 39. Qxc3+ Bb3 40. Qa5+ Kb2 41.
Qd2+ Ka3 42. Qc1+ Kb4 43. Qe1+ Kb5 44. Ba5 Qxc5 45. Rb6+ Kc4 46. Qe4+ Qd4 47.
Rb4+ Kc5 48. Rxd4 exd4 49. Qe7+ Kb5 50. Qb4+ Kc6 51. Qxf8 d3 52. Bd2 Kd7 53. Kg1
Ke6 54. Qe7+ Kd5 55. Qxf7+ Ke5 56. Qxb3 Kxf6 57. Qxd3 Ke5 58. Bc3+ Ke6 59. Qe4+
Kd6 60. Bb4+ Kc7 61. Qd5 Kc8 62. Ba5 g5 63. Qc6+ Kb8 64. Qc7+ Ka8 65. Bb6 g4 66.
Qd7 1-0

[Event "Druzynowe Mistrzostwa Polski Juniorow - I liga"]
[Site "Suchedniow"]
[Date "1899-12-30"]
[Round "8.18"]
[White "Slusarczyk, Milena"]
[Black "Mysliwiec, Natalia"]
[Result "1/2-1/2"]
[WhiteTitle "I"]
[BlackTitle "I"]
[WhiteElo "1444"]
[BlackElo "1311"]

1. d4 d5 2. Bf4 Nf6 3. Nf3 g6 4. e3 Bg7 5. Bd3 Nbd7 6. Nbd2 a6 7. c3 c5 8. h3 c4
9. Bc2 b5 10. g4 Bb7 11. Rg1 Nb8 12. h4 Nc6 13. Ne5 Nd7 14. Nxc6 Bxc6 15. h5 Nb6
16. hxg6 hxg6 17. Nf3 Nd7 18. Qe2 Ra7 19. O-O-O Rb7 20. Rh1 Rg8 21. Rde1 Qb6 22.
Bh6 Bxh6 23. Rxh6 b4 24. Qd2 Qa5 25. Bb1 bxc3 26. Qxc3 Qxc3+ 27. bxc3 e6 28. Reh1
Ke7 29. Rh8 Rbb8 30. R8h7 Kf6 31. g5+ Ke7 32. Bc2 Ke8 33. Rh8 Ke7 34. Rxg8 Rxg8
35. Rh7 Bb5 36. e4 Bc6 37. exd5 exd5 38. Kd2 Ke6 39. Rh1 Kd6 40. Re1 Rf8 41. Nh4
Nb6 42. f4 Re8 43. Rb1 Nd7 44. f5 gxf5 45. Nxf5+ Kc7 46. Nh6 Rh8 47. Nxf7 Rh2+
48. Kc1 Rg2 49. g6 Nf8 50. Ne5 Be8 51. a4 Nxg6 52. Nxg6 Bxg6 53. Bxg6 Rxg6 54.
a5 Rg1+ 55. Kb2 Rxb1+ 56. Kxb1 Kc6 57. Kb2 Kb5 58. Ka3 Kxa5 59. Kb2 Kb6 60. Ka3
Kc6 61. Ka4 Kd6 62. Ka5 Ke6 63. Kxa6 Kf5 64. Kb5 Ke4 65. Kc5 Kd3 66. Kxd5 Kxc3
67. Ke5 Kb3 68. d5 c3 69. d6 c2 70. d7 1/2-1/2

[Event "Druzynowe Mistrzostwa Polski Juniorow - I liga"]
[Site "Suchedniow"]
[Date "1899-12-30"]
[Round "8.19"]
[White "Winiarski, Mikolaj"]
[Black "Bilczewski, Kacper"]
[Result "1/2-1/2"]
[WhiteTitle "k"]
[BlackTitle "I"]
[WhiteElo "2209"]
[BlackElo "2092"]

1. d4 d6 2. e4 Nf6 3. Nc3 e5 4. Nf3 Nbd7 5. Bc4 Be7 6. O-O O-O 7. h3 c6 8. a4 a5
9. Re1 exd4 10. Qxd4 Nb6 11. Ba2 Ne8 12. Bf4 Be6 13. Bxe6 fxe6 14. e5 d5 15. Bg3
g6 16. Bh4 Bxh4 17. Nxh4 Ng7 18. Nf3 Nd7 19. Qd2 Rf5 20. Ra3 Qc7 21. Qe3 Raf8
22. Nb1 R8f7 23. Nbd2 Qb6 24. Rb3 Qxe3 25. Rbxe3 Rf4 26. b3 Rf8 27. Rf1 c5 28.
Rfe1 Nb8 29. c4 d4 30. Re4 R4f5 31. R1e2 Nc6 32. Ne1 Nb4 33. Nb1 b6 34. Na3 R5f7
35. Rd2 Rf4 36. Ree2 Rd8 37. Nd3 Nxd3 38. Rxd3 Rff8 39. Nb5 Nf5 40. g3 Rf7 41.
Kg2 Rfd7 42. g4 Ne7 43. f4 Nc6 44. Nd6 Kg7 45. h4 Rf8 46. Rf3 Ne7 47. Ref2 Nc6
1/2-1/2

[Event "Druzynowe Mistrzostwa Polski Juniorow - I liga"]
[Site "Suchedniow"]
[Date "1899-12-30"]
[Round "8.21"]
[White "Sanz, Wawer Daniel"]
[Black "Ochowicz, Jakub"]
[Result "1-0"]
[WhiteTitle "k"]
[BlackTitle "I++"]
[WhiteElo "1964"]
[BlackElo "2069"]

1. d4 Nf6 2. c4 g6 3. f3 Bg7 4. e4 d6 5. Nc3 O-O 6. Nge2 Nbd7 7. Be3 a6 8. Qd2
c5 9. dxc5 dxc5 10. Rd1 Qa5 11. Nf4 e6 12. Be2 Ne5 13. O-O Nc6 14. Nd3 Nd7 15.
f4 Bd4 16. e5 b5 17. Bf3 Qb6 18. Nf2 Rb8 19. cxb5 axb5 20. Ne2 Rd8 21. Ne4 Ba6
22. Nxd4 cxd4 23. Bf2 b4 24. Rfe1 Bc4 25. b3 Bd5 26. Bxd4 Nxd4 27. Qxd4 Qa5 28.
Qf2 Bxe4 29. Rxe4 Nc5 30. Red4 Rxd4 31. Qxd4 Qxa2 32. Qxc5 Qxb3 33. Qd4 Qa3 34.
Ra1 Qc3 35. Qxc3 bxc3 36. Rc1 Rb4 37. g3 g5 38. fxg5 Rb5 39. Rxc3 Rxe5 40. h4
Kg7 41. Kf2 h6 42. gxh6+ Kxh6 43. g4 f6 44. Re3 Rxe3 45. Kxe3 Kg7 46. Kf4 f5 47.
g5 1-0

[Event "Druzynowe Mistrzostwa Polski Juniorow - I liga"]
[Site "Suchedniow"]
[Date "1899-12-30"]
[Round "8.22"]
[White "Polczyk, Mikolaj"]
[Black "Kokoszczynski, Jan"]
[Result "1/2-1/2"]
[WhiteTitle "I"]
[BlackTitle "k"]
[WhiteElo "1855"]
[BlackElo "1927"]

1. e4 c5 2. Nf3 d6 3. d4 cxd4 4. Nxd4 Nf6 5. Nc3 a6 6. Bg5 Nbd7 7. Qd2 b5 8. f3
e6 9. O-O-O Bb7 10. g4 Be7 11. Be3 Nb6 12. Bd3 Nfd7 13. g5 Rc8 14. h4 Ne5 15.
b3 d5 16. Nce2 Nbc4 17. Bxc4 bxc4 18. Bf4 Ng6 19. Be3 Ne5 20. Bf4 Ng6 21. Be3
c3 22. Qe1 Qa5 23. Kb1 dxe4 24. f4 e5 25. Nf5 exf4 26. Nxg7+ Kf8 27. Bd4 Ne5 28.
Nh5 Nd3 29. Bg7+ Ke8 30. Bxc3 Rxc3 31. Qxc3 Qxc3 32. Nxc3 Nf2 33. Nxf4 Nxh1 34.
Rxh1 h6 35. Rg1 hxg5 36. hxg5 Rg8 37. g6 fxg6 38. Rxg6 Rxg6 39. Nxg6 Bf6 40. Ne2
Kf7 1/2-1/2

[Event "Druzynowe Mistrzostwa Polski Juniorow - I liga"]
[Site "Suchedniow"]
[Date "1899-12-30"]
[Round "8.23"]
[White "Olechnicka, Karolina"]
[Black "Stebel, Agata"]
[Result "1/2-1/2"]
[WhiteTitle "k++"]
[BlackTitle "k"]
[WhiteElo "1883"]
[BlackElo "1791"]

1. e4 c5 2. Nf3 Nc6 3. d4 cxd4 4. Nxd4 Nf6 5. Nc3 e5 6. Ndb5 d6 7. Bg5 a6 8. Na3
b5 9. Nd5 Be7 10. Nxe7 Nxe7 11. f3 d5 12. exd5 Nexd5 13. c4 bxc4 14. Bxc4 Be6
15. O-O O-O 16. Qe2 Qb6+ 17. Qf2 Qxf2+ 18. Rxf2 h6 19. Bd2 e4 20. Re1 exf3 21.
Rxf3 Rfc8 22. Rc1 Ne4 23. Rd3 Nxd2 24. Rxd2 Ne3 25. b3 Rc6 26. Rd3 Nxc4 27. Nxc4
Rac8 28. Rd4 Kf8 29. Kf2 Rc5 30. Kf3 g6 31. h3 h5 32. Kg3 Kg7 33. Kf3 Kf6 34.
Rd6 R5c6 35. Rcd1 Kg7 36. R1d3 Bxc4 37. bxc4 Rxc4 38. Rxa6 Rc1 39. Ra7 Rf1+ 40.
Ke4 1/2-1/2

[Event "Druzynowe Mistrzostwa Polski Juniorow - I liga"]
[Site "Suchedniow"]
[Date "1899-12-30"]
[Round "8.24"]
[White "Bilczewska, Olga"]
[Black "Moscicka, Pola"]
[Result "1/2-1/2"]
[WhiteTitle "I"]
[BlackTitle "k"]
[WhiteElo "1520"]
[BlackElo "1769"]

1. e4 c6 2. d4 d5 3. Nc3 dxe4 4. Nxe4 Nd7 5. Ng5 Ngf6 6. Bc4 e6 7. Qe2 Nb6 8. Bd3
h6 9. N5f3 c5 10. dxc5 Bxc5 11. Ne5 O-O 12. Ngf3 Nbd7 13. Nxd7 Qxd7 14. O-O b6
15. Rd1 Qe7 16. b3 Bb7 17. Bb2 Rfd8 18. c4 Ng4 19. Rf1 Qd6 20. Be4 Bxe4 21. Qxe4
Nxf2 22. Rxf2 Qd3 23. Qe5 Bxf2+ 24. Kxf2 Qc2+ 25. Qe2 Qxe2+ 26. Kxe2 f6 27. Rd1
Rxd1 28. Kxd1 e5 29. Ke2 Kf7 30. Ke3 Ke6 31. g4 Rc8 32. Ba3 1/2-1/2

[Event "Druzynowe Mistrzostwa Polski Juniorow - I liga"]
[Site "Suchedniow"]
[Date "1899-12-30"]
[Round "8.25"]
[White "Piotrowski, Przemyslaw"]
[Black "Mockun, Dawid"]
[Result "1-0"]
[WhiteTitle "k"]
[BlackTitle "I"]
[WhiteElo "2201"]
[BlackElo "2061"]

1. Nf3 Nf6 2. g3 d5 3. Bg2 c6 4. O-O Bf5 5. d3 e6 6. Nfd2 Nbd7 7. e4 dxe4 8. dxe4
Bg4 9. Qe1 e5 10. Nc4 Bc5 11. Be3 Qe7 12. Bxc5 Qxc5 13. Ne3 Be6 14. c3 a5 15.
Nd2 O-O 16. Kh1 Ng4 17. Nc2 Qb6 18. b3 Nc5 19. Qe2 Rad8 20. h3 Nf6 21. f4 exf4
22. gxf4 Rxd2 23. Qxd2 Ncxe4 24. Qe1 Qc5 25. Rf3 Qh5 26. Nd4 Bg4 27. Re3 c5 28.
Ne2 Bxe2 29. Kg1 Bb5 30. Bxe4 Nxe4 31. Rxe4 Qxh3 32. Re3 Qh6 33. Qg3 Rd8 34. Qg5
Qd6 35. Rae1 Bc6 36. Kf2 h6 37. Qg3 Qf6 38. Re5 Rd2+ 39. R1e2 Rd8 40. Rxc5 b6
41. Rce5 b5 42. Kg1 Rd1+ 43. Re1 Rd2 44. R5e2 Qd6 45. Kf1 a4 46. Qg4 Rxe2 47.
Kxe2 Bd7 48. Qf3 Qg6 49. Kf2 axb3 50. axb3 Qc2+ 51. Kg3 Qxb3 52. Qd3 Be6 53. Re4
Qd5 54. Rd4 Qf5 55. Qxf5 Bxf5 56. Rd5 Be6 57. Rxb5 g6 58. Kf3 Kf8 59. Ke4 Ke7
60. Ke5 h5 61. Rb7+ Kd8 62. f5 Bxf5 63. Rxf7 h4 64. Rh7 h3 65. c4 Kc8 66. c5 Kb8
67. c6 Bc8 68. Kd6 g5 69. Kc5 Bf5 70. Rh5 Kc7 71. Rxg5 h2 72. Rg7+ Kd8 73. Kd6
Be6 74. Rh7 Bd7 75. Rh8+ 1-0

[Event "Druzynowe Mistrzostwa Polski Juniorow - I liga"]
[Site "Suchedniow"]
[Date "1899-12-30"]
[Round "8.26"]
[White "Buraczewski, Rafal"]
[Black "Kanicki, Krzysztof"]
[Result "1-0"]
[WhiteTitle "I++"]
[BlackTitle "k"]
[WhiteElo "2020"]
[BlackElo "2147"]

1. d4 Nf6 2. Nf3 g6 3. c4 Bg7 4. Nc3 d6 5. Bg5 h6 6. Bh4 g5 7. Bg3 Nh5 8. e3 e6
9. Nd2 Nxg3 10. hxg3 Nd7 11. Qc2 O-O 12. Be2 f5 13. O-O-O Qe7 14. f4 c5 15. Nf3
g4 16. Nh4 Rf6 17. d5 Nb6 18. e4 exd5 19. cxd5 Bd7 20. Rhe1 Re8 21. Bb5 Bxb5 22.
Nxb5 fxe4 23. Nc3 e3 24. Nf5 Qd7 25. Nxg7 Kxg7 26. Ne4 Rf7 27. Qc3+ Kg6 28. Rxe3
Ree7 29. Qd3 Kg7 30. Rde1 a5 31. Qc3+ Kg6 32. Qd3 Kg7 33. Qb3 Na4 34. Nc3 Nxc3
35. Qxc3+ Kh7 36. Re6 b6 37. f5 Qd8 38. f6 Rd7 39. Qd3+ Kh8 40. Re8+ 1-0

[Event "Druzynowe Mistrzostwa Polski Juniorow - I liga"]
[Site "Suchedniow"]
[Date "1899-12-30"]
[Round "8.27"]
[White "Baran, Mateusz"]
[Black "Rudzinska, Michalina"]
[Result "0-1"]
[WhiteTitle "II"]
[BlackTitle "I++"]
[WhiteElo "1411"]
[BlackElo "1823"]

1. e4 c5 2. Nc3 e6 3. f4 Nc6 4. Bb5 Nge7 5. Nf3 d5 6. d3 g6 7. Bd2 Bg7 8. b3 O-O
9. Bxc6 Nxc6 10. O-O dxe4 11. Nxe4 Bxa1 12. Qxa1 Nd4 13. Kh1 b6 14. Bc3 f5 15.
Ned2 Nxc2 16. Qb2 Nb4 17. Bh8 Qc7 18. Ne5 Bb7 19. Ndf3 Nd5 20. Ng5 Rae8 21. Nc4
h6 22. Be5 Qd7 23. Nf3 Rd8 24. Nd6 Ba6 25. Nh4 Kh7 26. Rf3 Rg8 27. Rg3 Qe7 28.
Nf3 g5 29. fxg5 Rxd6 30. Rh3 Rg6 31. Bxd6 Qxd6 32. Ne5 Qf8 33. Nxg6 Kxg6 34. Rxh6+
Kxg5 35. Rh3 Kg6 36. Qe5 Qf6 37. Qe1 f4 38. Qd1 Qg5 39. Rh8 Kg7 40. Rh5 Qg6 41.
Qa1+ Nf6 42. Rh3 Bxd3 43. Qe5 Be4 44. Qc7+ Kg8 45. Qd8+ Ne8 46. Qd2 Bd5 47. Qb2
Nf6 48. a3 Qe4 49. Rh8+ Kg7 50. Rg8+ Kxg8 0-1

[Event "Druzynowe Mistrzostwa Polski Juniorow - I liga"]
[Site "Suchedniow"]
[Date "1899-12-30"]
[Round "8.28"]
[White "Wierzbicki, Michal"]
[Black "Madajczak, Piotr"]
[Result "1-0"]
[WhiteTitle "I"]
[BlackTitle "II+"]
[WhiteElo "1712"]
[BlackElo "1479"]

1. d4 Nf6 2. Nf3 g6 3. c4 Bg7 4. Nc3 O-O 5. Bg5 d6 6. e3 Nbd7 7. Be2 c5 8. O-O
b6 9. Qc2 Bb7 10. Rfd1 Re8 11. Rab1 Nf8 12. a3 Ne6 13. d5 Nc7 14. b4 Nd7 15. Ne4
h5 16. Nxd6 Qb8 17. Nxe8 Qxe8 18. Bf4 Na6 19. b5 Nab8 20. Ng5 Nf8 21. Bf3 Nbd7
22. Ne4 f6 23. h3 g5 24. Bh2 Bh6 25. Ng3 h4 26. Bh5 Qd8 27. Nf5 Bg7 28. d6 e6
29. Ne7+ Kh8 30. Bf7 f5 31. Qe2 Bf6 32. Qh5+ Kg7 33. Bxe6 Qe8 34. Nxf5# 1-0

[Event "Druzynowe Mistrzostwa Polski Juniorow - I liga"]
[Site "Suchedniow"]
[Date "1899-12-30"]
[Round "8.29"]
[White "Kalinowska, Karolina"]
[Black "Murawko, Julia"]
[Result "1/2-1/2"]
[WhiteTitle "I"]
[BlackTitle "I++"]
[WhiteElo "1544"]
[BlackElo "1792"]

1. e4 c5 2. Nf3 e6 3. d4 cxd4 4. Nxd4 a6 5. Nc3 b5 6. Bd3 Bb7 7. O-O Qb6 8. Nb3
Nc6 9. Be3 Qc7 10. f4 d6 11. a3 Nf6 12. Qe2 Be7 13. Rae1 Nd7 14. Bf2 Bf6 15. Qg4
h5 16. Qh3 O-O-O 17. a4 b4 18. Nd1 g5 19. c3 gxf4 20. Bh4 Bxh4 21. Qxh4 Nde5 22.
Bc2 Qb6+ 23. Nf2 f3 24. g3 Rdg8 25. Nd2 Rg4 26. Qf6 Rhg8 27. Nxf3 R8g6 28. Qh8+
Rg8 29. Qf6 Nxf3+ 30. Qxf3 Ne5 31. Qe3 Qxe3 32. Rxe3 R4g7 33. cxb4 f5 34. Nh1
fxe4 35. Bxe4 Bxe4 36. Rxe4 Rg4 37. Rff4 Kd7 38. Nf2 Rxf4 39. Rxf4 Ke7 40. Kg2
Rc8 41. g4 hxg4 42. Kg3 Rc2 43. Nxg4 Nxg4 44. Rxg4 Rxb2 45. Rg7+ 1/2-1/2

[Event "Druzynowe Mistrzostwa Polski Juniorow - I liga"]
[Site "Suchedniow"]
[Date "1899-12-30"]
[Round "8.30"]
[White "Wolagiewicz, Kinga"]
[Black "Pawicka, Magdalena"]
[Result "1-0"]
[WhiteTitle "I"]
[BlackTitle "I"]
[WhiteElo "1579"]
[BlackElo "1600"]

1. e4 c5 2. Nf3 e6 3. d4 cxd4 4. Nxd4 a6 5. Bd3 Qc7 6. O-O Nf6 7. Nc3 b5 8. a3
Bb7 9. Bd2 d6 10. Kh1 Be7 11. f4 O-O 12. Qe1 Nbd7 13. Qg3 Rad8 14. Rae1 Rfe8 15.
f5 e5 16. Nb3 Kh8 17. Bg5 Nh5 18. Qh4 Bxg5 19. Qxh5 Bf6 20. Qxf7 Re7 21. Qh5 Nb6
22. Rf3 Nc4 23. Rh3 h6 24. g4 Kg8 25. Qg6 Kf8 26. Rf1 Nxb2 27. g5 Bxg5 28. f6
gxf6 29. Rxh6 Bxh6 30. Rxf6+ Rf7 31. Qxh6+ Kg8 32. Rxf7 Qxf7 33. Qg5+ Kh7 34.
Qxd8 Nxd3 35. Qh4+ Kg7 36. Qg3+ Kh7 37. Qxd3 Qe6 38. Nd2 Qg6 39. Qh3+ Qh6 40.
Qxh6+ Kxh6 41. Kg2 Kg5 42. Kg3 Bc6 43. h4+ Kh5 44. Nd5 a5 45. Ne7 Bb7 46. Nf5
d5 47. exd5 Bxd5 48. Ne3 Bc6 49. Nb3 a4 50. Nc5 Ba8 51. Nd3 e4 52. Nf4+ Kh6 53.
Nfd5 Kh5 54. Kf4 Kxh4 55. Kxe4 b4 56. axb4 a3 57. c4 a2 58. Nc2 1-0

[Event "Druzynowe Mistrzostwa Polski Juniorow - I liga"]
[Site "Suchedniow"]
[Date "1899-12-30"]
[Round "9.1"]
[White "Mockun, Dawid"]
[Black "Pilzak, Marcin"]
[Result "0-1"]
[WhiteTitle "I"]
[BlackTitle "k"]
[WhiteElo "2061"]
[BlackElo "2010"]

1. Nf3 Nf6 2. g3 d5 3. Bg2 c6 4. d3 Bg4 5. O-O Nbd7 6. b3 e5 7. Bb2 Bd6 8. Nbd2
O-O 9. e4 Qc7 10. h3 Bh5 11. g4 Bg6 12. Nh4 dxe4 13. dxe4 Rad8 14. Nf5 Rfe8 15.
Qe2 b5 16. Bf3 Bb4 17. Rfd1 Nf8 18. Nf1 Ne6 19. N1g3 Bc5 20. c3 Qb6 21. h4 Nf4
22. Qf1 Bxf2+ 23. Qxf2 Nh3+ 0-1